Globalizacion y defensa del medio ambiente en el derecho privado: aplicacion del principio "Quien contamina paga" y regimen de la responsabiblidad civil objetiva: derecho espanol, europeo, norteamericano y Japones. (Record no. 111855)

MARC details
000 -LEADER
campo de control de longitud fija 01241cam a22003253 4500
001 - NÚMERO DE CONTROL
campo de control 92003
005 - FECHA Y HORA DE LA ÚLTIMA TRANSACCIÓN
campo de control 20230411090049.0
008 - DATOS DE LONGITUD FIJA--INFORMACIÓN GENERAL
campo de control de longitud fija 100307s2010 xx 000 0 spa d
035 ## - NÚMERO DE CONTROL DEL SISTEMA
Número de control de sistema (OCoLC)ocn548642344
040 ## - FUENTE DE CATALOGACIÓN
Centro catalogador/agencia de origen BTCTA
Lengua de catalogación eng
Centro/agencia transcriptor BTCTA
Centro/agencia modificador YDXCP
-- PL#
-- I5B
-- GXR
020 ## - NÚMERO INTERNACIONAL ESTÁNDAR DEL LIBRO
Número Internacional Estándar del Libro 9788492884032
020 ## - NÚMERO INTERNACIONAL ESTÁNDAR DEL LIBRO
Número Internacional Estándar del Libro 8492884037
035 ## - NÚMERO DE CONTROL DEL SISTEMA
Número de control de sistema (OCoLC)548642344
049 ## - FONDOS LOCALES (OCLC)
Biblioteca depositaria GRAL
245 00 - MENCIÓN DEL TÍTULO
Título Globalizacion y defensa del medio ambiente en el derecho privado: aplicacion del principio "Quien contamina paga" y regimen de la responsabiblidad civil objetiva: derecho espanol, europeo, norteamericano y Japones.
246 ## - FORMA VARIANTE DEL TITULO
Título propio/Titulo breve Globalization and environmental protection on private law.
260 ## - PUBLICACIÓN, DISTRIBUCIÓN, ETC.
Nombre del editor, distribuidor, etc. Dykinson Sl
Fecha de publicación, distribución, etc. 2010.
300 ## - DESCRIPCIÓN FÍSICA
Extensión p.374;
Dimensiones 23 cm.
-- cm.
650 #0 - PUNTO DE ACCESO ADICIONAL DE MATERIA--TÉRMINO DE MATERIA
Término de materia o nombre geográfico como elemento de entrada Pollution
Subdivisión general Law and legislation.
650 #0 - PUNTO DE ACCESO ADICIONAL DE MATERIA--TÉRMINO DE MATERIA
Término de materia o nombre geográfico como elemento de entrada Pollution
Subdivisión general Prevention.
650 #0 - PUNTO DE ACCESO ADICIONAL DE MATERIA--TÉRMINO DE MATERIA
Término de materia o nombre geográfico como elemento de entrada Environmental policy.
650 #0 - PUNTO DE ACCESO ADICIONAL DE MATERIA--TÉRMINO DE MATERIA
Término de materia o nombre geográfico como elemento de entrada Liability for environmental damages.
720 ## - ENTRADA AGREGADA--NOMBRE NO CONTROLADO
Nombre Perea, Agustin Viguri
938 ## -
-- Baker and Taylor
-- BTCP
-- BK0008826216
938 ## -
-- YBP Library Services
-- YANK
-- 3179196
938 ## -
-- Puvill Libros
-- PUVL
-- 9788492884032
-- $31.97
938 ## -
-- Iberbook International S.L.
-- IBER
-- IB 100002475
-- USD27,89
942 ## - ELEMENTOS DE ENTRADA SECUNDARIOS (KOHA)
Fuente del sistema de clasificación o colocación Clasificación de Library of Congress
Tipo de ítem Koha
994 ## -
-- C0
-- DRFGD
Holdings
Estatus retirado Estado de pérdida Fuente del sistema de clasificación o colocación Estado de daño No para préstamo Colección Biblioteca de origen Biblioteca actual Ubicación en estantería Fecha de adquisición Código de barras Visto por última vez Copia número Tipo de ítem Koha
    Clasificación de Library of Congress     Automatización y Procesos Técnicos Biblioteca Juan Bosch Biblioteca Juan Bosch Automatización y Procesos Técnicos (1er. Piso) 11/04/2023 00000082185 17/02/2019 1